| 000 | 00934nam a2200277 a 4500 | ||
|---|---|---|---|
| 001 | 73444 | ||
| 003 | BD-RjUL | ||
| 005 | 20211209082409.0 | ||
| 008 | 170531s19691967us a 001 0 eng d | ||
| 035 | _a(BD-RjUL)73662 | ||
| 040 |
_aDLC _cOBgU _dBD-RjUL _beng |
||
| 041 | _aeng | ||
| 082 |
_223 _a621.902 _bPOM 1969 |
||
| 100 | 1 |
_aPorter, Harold William, _d1907- _9217246 |
|
| 245 | 1 | 0 |
_aMachine shop operations and setups / _c[by] Harold W. Porter. Orville D. Lascoe [and] Clyde A. Nelson. |
| 250 | _a3d ed. | ||
| 260 |
_aChicago : _bAmerican Technical Society _cc1967 [reprinting1969] |
||
| 300 |
_ax, 517 p. : _bill. ; _c24 cm. |
||
| 500 | _aIncludes index | ||
| 650 | 0 |
_aMachine shops _xManagement. _9217247 |
|
| 650 | 0 |
_aMachine-shop practice. _9217248 |
|
| 700 | 1 |
_aLascoe, O. D. _q(Orville D.), _ejoint author. _9217249 |
|
| 700 | 1 |
_aNelson, Clyde A., _ejoint author. _9217250 |
|
| 942 |
_2ddc _cBK |
||
| 999 |
_c73444 _d73444 |
||